| 000 | 00465nam a2200157Ia 4500 | ||
|---|---|---|---|
| 008 | 150121s9999 xx 000 0 und d | ||
| 020 | _a2012-3124 | ||
| 245 | 4 |
_aThe Trinitian Student Researcher / _h[electronic resource] |
|
| 260 |
_bTrinity University of Asia, _c2012. |
||
| 516 | _aElectronic text | ||
| 650 | _a` | ||
| 650 | _aMultidisciplinary. | ||
| 830 | _aPhilippine E-Journals | ||
| 856 | _uhttp://www.ejournals.ph/index.php?journal=TSR | ||
| 942 | _cEJ | ||
| 999 |
_c277086 _d277086 |
||